000 00475nam a2200133Ia 4500
008 170516s9999 xx 000 0 und d
245 _aCerebral Venous Sinus Thrombosis, a Nonenhanced CT Diagnosis?, Ali Alsafi, Amish Lakhani, Lalani Carlton Jones, and Kyriakos Lobotesis
260 _bRadiology Research and Practice
260 _c2015
300 _a:
650 _xRadiologic Technology
650 _xRadtech
856 _uhttps://www.hindawi.com/journals/rrp/contents/2/
999 _c332224
_d332224